| 000 | 00864cam a22002657a 4500 | ||
|---|---|---|---|
| 001 | 002112 | ||
| 003 | armpunfd | ||
| 005 | 20140612090659.0 | ||
| 008 | 070914e0####xx#a##########000#0#und#d | ||
| 040 |
_aarmpunfd _carmpunfd |
||
| 080 | _a35 R 237 | ||
| 100 | 1 | 0 | _a Hutchinson, Tomas ( Director) |
| 245 | 1 | 0 | _aRevista de derecho publico : contratistas del estado. procedimiento de seleccion |
| 260 |
_a Uenos Aires : Rubinzal- Culzoni _b2006. |
||
| 650 | 7 |
_a Contrataciones Privadas _2LEMB |
|
| 650 | 7 |
_a Contrataciones Publicas _2LEMB |
|
| 650 | 7 |
_a Contratistas Del Estado _2LEMB |
|
| 650 | 7 |
_a Contrato Administrativo _2LEMB |
|
| 650 | 7 |
_a Contrato De Suministro _2LEMB |
|
| 650 | 7 |
_a Empleo Publico _2LEMB |
|
| 650 | 7 |
_a Impuesto A Las Ganancias _2LEMB |
|
| 942 |
_cLB _2cdu |
||
| 945 |
_aCatalis _d2010-08-19 |
||
| 945 |
_aCatalis _d2010-08-19 |
||
| 999 |
_c2103 _d232607 |
||